Statistics for Hong Kong's Mass Rapid Transit (MTR) Quiz

Click here to take the quiz!

General Stats

  • This quiz has been taken 164 times
    (135 since last reset)
  • The average score is 72 of 93

Answer Stats

Line(s)Stations% Correct
Island Line/ Tsuen Wan LineCentral
95%
Tung Chung Line / Airport ExpressKowloon
93%
Island Line / Tsuen Wan Line/South Island Line (FUTURE - Shatin to Central Link)Admiralty
92%
Airport ExpressAirport
92%
Tung Chung Line / Airport ExpressHong Kong
92%
Tsuen Wan LineTsuen Wan
92%
Kwun Tong LineKwun Tong
91%
Kwun Tong Line / East Rail LineKowloon Tong
89%
Tsuen Wan Line / Kwun Tong LinePrince Edward
89%
Tsuen Wan Line (Access to West Rail Line)Tsim Sha Tsui
89%
Island LineWan Chai
89%
Island LineKennedy Town
88%
Tsuen Wan Line / Kwun Tong LineMong Kok
88%
Tung Chung LineTung Chung
88%
Island LineCauseway Bay
87%
Island LineHKU
87%
Ma On Shan LineMa On Shan
87%
Island LineChai Wan
86%
Disneyland Resort LineDisneyland Resort
86%
South Island LineOcean Park
86%
East Rail LineSha Tin
86%
Island LineSheung Wan
86%
Tung Chung Line / Disneyland Resort LineSunny Bay
86%
Tseung Kwan O LineTseung Kwan O
86%
Tsuen Wan Line / Kwun Tong LineYau Ma Tei
86%
Kwun Tong Line (FUTURE - Shatin to Central Link)Diamond Hill
85%
Tsuen Wan LineJordan
85%
Tsuen Wan LineSham Shui Po
84%
Kwun Tong LineKowloon Bay
83%
Tseung Kwan O LineLOHAS Park
83%
Tsuen Wan Line / West Rail LineMei Foo
82%
East Rail Line (Racing Days Only)Racecourse
82%
Tung Chung Line / Airport ExpressTsing Yi
82%
East Rail LineUniversity
82%
Kwun Tong LineChoi Hung
81%
Tung Chung LineOlympic
81%
Kwun Tong LineWhampoa
81%
Airport ExpressAsia-World Expo
80%
Island LineFortress Hill
80%
East Rail Line / West Rail LineHung Hom
80%
Island Line / Tseung Kwan O LineNorth Point
80%
Island Line / Tseung Kwan O LineQuarry Bay
80%
Kwun Tong LineWong Tai Sin
80%
Kwun Tong LineLam Tin
79%
Kwun Tong LineLok Fu
79%
Island LineTai Koo
79%
Tsuen Wan LineLai Chi Kok
78%
Tsuen Wan Line / Tung Chung LineLai King
78%
Kwun Tong LineShek Kip Mei
78%
Island LineTin Hau
78%
Tseung Kwan O Line / Kwun Tong LineTiu Keng Leng
78%
Tseung Kwan O LinePo Lam
77%
Island LineSai Ying Pun
77%
South Island LineSouth Horizons
77%
East Rail LineSheung Shui
76%
East Rail LineTai Wo
76%
West Rail LineTsuen Wan West
76%
West Rail LineTuen Mun
76%
West Rail LineAustin
75%
Tsuen Wan LineCheung Sha Wan
75%
East Rail LineLok Ma Chau
75%
East Rail LineMong Kok East
75%
Kwun Tong LineNgau Tau Kok
75%
Tseung Kwan O Line / Kwun Tong LineYau Tong
75%
West Rail Line (Access to Tsuen Wan Line)East Tsim Sha Tsui
74%
East Rail LineFanling
74%
East Rail LineFo Tan
74%
Tsuen Wan LineKwai Fong
74%
East Rail LineLo Wu
74%
Tung Chung Line / West Rail LineNam Cheong
74%
Kwun Tong LineHo Man Tin
73%
East Rail LineTai Po Market
73%
West Rail LineYuen Long
73%
East Rail Line / Ma On Shan Line (FUTURE - Shatin to Central Link)Tai Wai
72%
Tseung Kwan O LineHang Hau
71%
Island LineSai Wan Ho
71%
Island LineHeng Fa Chuen
69%
Tsuen Wan LineKwai Hing
69%
Island LineShau Kei Wan
68%
Tsuen Wan LineTai Wo Hau
68%
South Island LineWong Chuk Hang
67%
Ma On Shan LineCity One
66%
South Island LineLei Tung
64%
West Rail LineKam Sheung Road
63%
West Rail LineTin Shui Wai
63%
Ma On Shan LineChe Kung Temple
60%
Ma On Shan LineWu Kai Sha
59%
West Rail LineLong Ping
58%
Ma On Shan LineSha Tin Wai
57%
Ma On Shan LineShek Mun
57%
West Rail LineSiu Hong
56%
Ma On Shan LineHeng On
55%
Ma On Shan LineTai Shui Hang
53%

Score Distribution

Percentile by Number Answered

Percent of People with Each Score

Your Score History

You have not taken this quiz since the last reset